000 00542nam a2200205Ia 4500
005 20240404105027.0
008 131103s9999 xx 000 0 und d
040 _aLoreto College
041 _aEnglish
082 _a420.7
_bVEN
100 _aVenkateswarm, S.
245 _aPrinciples of teachingf english
_cS.Venkateswarm
260 _aNew Delhi
_bVikas pub.
_c1998
300 _aviii,265p.
504 _aIncludes appendex and refarences
650 _aEnglish method
651 _aEnglish language
850 _aLCBED
942 _cBK
999 _c27562
_d78041